000 00486nam a2200145Ia 4500
008 100204s9999 xx 000 0 und d
082 _b682
100 _aफडके नारायण सिताराम
245 _aया इथे तरुतळी
260 _b"नीलकंठ प्रकाशन, पुणे"
_c"1977,2"
300 _a173
630 _aया इथे तरुतळी
730 _aया इथे तरुतळी
942 _cBOOK
999 _c445877
_d445874